MARC details
| 000 -LEADER |
| fixed length control field |
01794pam a2200385 i 4500 |
| 001 - CONTROL NUMBER |
| control field |
26400795 |
| 003 - CONTROL NUMBER IDENTIFIER |
| control field |
OCoLC |
| 005 - DATE AND TIME OF LATEST TRANSACTION |
| control field |
20210118155511.0 |
| 008 - FIXED-LENGTH DATA ELEMENTS--GENERAL INFORMATION |
| fixed length control field |
920804s1992 mnu b 000 0 eng |
| 010 ## - LIBRARY OF CONGRESS CONTROL NUMBER |
| LC control number |
92030228 |
| 020 ## - INTERNATIONAL STANDARD BOOK NUMBER |
| International Standard Book Number |
1556612869 |
| 035 ## - SYSTEM CONTROL NUMBER |
| System control number |
tcgc182587 |
| 040 ## - CATALOGING SOURCE |
| Original cataloging agency |
DLC |
| Language of cataloging |
eng |
| Description conventions |
rda |
| Transcribing agency |
DLC |
| Modifying agency |
ATO |
| 050 00 - LIBRARY OF CONGRESS CALL NUMBER |
| Classification number |
BV4464.3 |
| Item number |
.A53 1992 |
| 082 00 - DEWEY DECIMAL CLASSIFICATION NUMBER |
| Classification number |
261.8/32 |
| Edition number |
20 |
| 090 ## - LOCALLY ASSIGNED LC-TYPE CALL NUMBER (OCLC); LOCAL CALL NUMBER (RLIN) |
| Classification number (OCLC) (R) ; Classification number, CALL (RLIN) (NR) |
BV4464.3 |
| Local cutter number (OCLC) ; Book number/undivided call number, CALL (RLIN) |
.A53 |
| 092 ## - LOCALLY ASSIGNED DEWEY CALL NUMBER (OCLC) |
| Classification number |
261.832 |
| Item number |
A545 |
| Edition number |
20 |
| 100 1# - MAIN ENTRY--PERSONAL NAME |
| Personal name |
Anderson, Bill, |
| Dates associated with a name |
1946- |
| Authority record control number or standard number |
http://id.loc.gov/authorities/names/n92078125 |
| 245 10 - TITLE STATEMENT |
| Title |
When child abuse comes to church : |
| Remainder of title |
recognizing its occurrence and what to do about it / |
| Statement of responsibility, etc. |
Bill Anderson. |
| 246 3# - VARYING FORM OF TITLE |
| Title proper/short title |
Case studies in Christian education of children. |
| 246 3# - VARYING FORM OF TITLE |
| Title proper/short title |
Case studies in child molesting prevention. |
| 264 #1 - PRODUCTION, PUBLICATION, DISTRIBUTION, MANUFACTURE, AND COPYRIGHT NOTICE |
| Place of production, publication, distribution, manufacture |
Minneapolis, Minn. : |
| Name of producer, publisher, distributor, manufacturer |
Bethany House, |
| Date of production, publication, distribution, manufacture, or copyright notice |
[1992] |
| 264 #4 - PRODUCTION, PUBLICATION, DISTRIBUTION, MANUFACTURE, AND COPYRIGHT NOTICE |
| Date of production, publication, distribution, manufacture, or copyright notice |
©1992 |
| 300 ## - PHYSICAL DESCRIPTION |
| Extent |
174 pages ; |
| Dimensions |
21 cm |
| 336 ## - CONTENT TYPE |
| Content type term |
text |
| Content type code |
txt |
| Source |
rdacontent |
| 337 ## - MEDIA TYPE |
| Media type term |
unmediated |
| Media type code |
n |
| Source |
rdamedia |
| 338 ## - CARRIER TYPE |
| Carrier type term |
volume |
| Carrier type code |
nc |
| Source |
rdacarrier |
| 504 ## - BIBLIOGRAPHY, ETC. NOTE |
| Bibliography, etc. note |
Includes bibliographical references (p. 171-173). |
| 650 #0 - SUBJECT ADDED ENTRY--TOPICAL TERM |
| Topical term or geographic name entry element |
Sexually abused children |
| Authority record control number or standard number |
http://id.loc.gov/authorities/subjects/sh85120743 |
| General subdivision |
Pastoral counseling of. |
| Authority record control number or standard number |
http://id.loc.gov/authorities/subjects/sh00006926 |
| 650 #0 - SUBJECT ADDED ENTRY--TOPICAL TERM |
| Topical term or geographic name entry element |
Christian education of children |
| Authority record control number or standard number |
http://id.loc.gov/authorities/subjects/sh85025070 |
| Form subdivision |
Case studies. |
| Authority record control number or standard number |
http://id.loc.gov/authorities/subjects/sh99001484 |
| 650 #0 - SUBJECT ADDED ENTRY--TOPICAL TERM |
| Topical term or geographic name entry element |
Child sexual abuse |
| General subdivision |
Prevention |
| Authority record control number or standard number |
http://id.loc.gov/authorities/subjects/sh2008100402 |
| Form subdivision |
Case studies. |
| Authority record control number or standard number |
http://id.loc.gov/authorities/subjects/sh99001484 |
| 650 #0 - SUBJECT ADDED ENTRY--TOPICAL TERM |
| Topical term or geographic name entry element |
Child sexual abuse |
| General subdivision |
Religious aspects |
| -- |
Christianity. |
| Authority record control number or standard number |
http://id.loc.gov/authorities/subjects/sh2009119005 |
| 655 #7 - INDEX TERM--GENRE/FORM |
| Genre/form data or focus term |
Case studies. |
| Source of term |
lcgft |
| Authority record control number or standard number |
http://id.loc.gov/authorities/genreForms/gf2017026140 |
| 942 ## - ADDED ENTRY ELEMENTS (KOHA) |
| Source of classification or shelving scheme |
Dewey Decimal Classification |
| Koha item type |
Books |